000 00358nam a22001097a 4500
008 230627b xxu||||| |||| 00| 0 eng d
082 _a338.181
_bWAN
245 _a20 Years of Cooperation
260 _aNairobi
_bFood and Agriculture Organization of the United Nations and the Ministry of Agricuylture and Livestock Department
300 _a80p
942 _2ddc
_cBK
999 _c2858
_d2858